| 000 | 01549nam a2200325 c 4500 | ||
|---|---|---|---|
| 003 | BLK | ||
| 005 | 20240319100123.0 | ||
| 008 | 180408b bul|||||r ||||||| ||bul|| | ||
| 010 | _aKNG00097854000 | ||
| 040 | _aBLK | ||
| 041 |
_aBUL _cBUL |
||
| 080 |
_aПромишлена естетика,промишлен дизайн _b62:7.05 _x(497.2)(091) _z62:7.05(497.2)(091) |
||
| 100 | 1 |
_aИванова, Незабравка Стоименова _eпърви автор _9373811 |
|
| 700 |
_aАнгелов, Валентин _cФизкултурен деец - борба _d03.02.1965 г. _9366953 |
||
| 139 |
_aИванова, Незабравка Стоименова _bИ 22 |
||
| 245 | 1 | 0 |
_aОт занаятите към дизайна _bИзкуствоведческо изследване на формоизграждането в България _cНезабравка Стоименова Иванова; отг. ред. Валентин Ангелов. |
| 257 | _aBGR | ||
| 260 |
_аСофия _bБАН _c1985 |
||
| 300 |
_a172 с. _c20 см |
||
| 380 | _a62 | ||
| 500 | _aБиблиогр. под линия ; Именен, предм.-терминол. показалец. | ||
| 650 | 4 |
_aДизайн, промишлен - история _9282033 |
|
| 653 | _aдизайн | ||
| 852 | _aЦб 139793 | ||
| 856 | 4 |
_qpdf _u |
|
| 856 | 4 |
_qpdf _u |
|
| 942 |
_cKNG _n0 _02 |
||
| 944 |
_aCR _c08.11.2010 _lМоника Янева _k30570 |
||
| 944 |
_aED _c18.08.2015 _lдобави в АБ / 05.11.2010 _k |
||
| 999 |
_c93065 _d93065 |
||